Mesoamérica : perído indígena /

El estudio aborda la preshistoria en América y algunos de los grupos indígenas existentes durante la Epoca Prehispánica.

Kaydedildi:
Detaylı Bibliyografya
Yazar: Bernal, Ignacio (autor)
Materyal Türü: Kitap
Dil:İspanyolca
Baskı/Yayın Bilgisi: México : Instituto Panamericano de Geografía e Historia, Comisión de Historia, 1953, c1953
Seri Bilgileri:(Programa de Historia de América. Período Indígena ; 1)
(Publicaciones del Instituto Panamericano de Geografía e Historia ; 1, 4)
(Publicaciones del Instituto Panamericano de Geografía e Historia. Comisión de Historia ; 50)
Konular:
Etiketler: Etiketle
Etiket eklenmemiş, İlk siz ekleyin!

MARC

LEADER 00000nam^a2200000^a^4500
001 000128858
005 20250521000000.0
009 20260310094851.676
037 |a Acervo ITESO - Biblioteca 
041 |a ESP 
082 |a 980. 012  |b BER 
100 |a Bernal, Ignacio  |e (autor) 
245 1 0 |a Mesoamérica :  |b perído indígena /  |c I. Bernal. 
264 4 |a México :  |b Instituto Panamericano de Geografía e Historia, Comisión de Historia,  |c 1953, c1953 
300 |a 114 p. 
336 |a texto  |b txt  |2 rdacontenido 
337 |a sin mediación  |b n  |2 rdamedio 
338 |a volumen  |b nc  |2 rdasoporte 
440 1 |a (Programa de Historia de América.  |p Período Indígena ;  |v 1) 
440 1 |a (Publicaciones del Instituto Panamericano de Geografía e Historia ;  |v 1, 4) 
440 1 |a (Publicaciones del Instituto Panamericano de Geografía e Historia.  |p Comisión de Historia ;  |v 50) 
520 |a El estudio aborda la preshistoria en América y algunos de los grupos indígenas existentes durante la Epoca Prehispánica. 
649 |a XX 
650 |a Prehistoria 
650 |a Indígenas -  |x Historia 
650 |a México -  |x Historia -  |y Epoca Prehispánica 
650 |a América Central -  |x Historia -  |y Epoca Prehispánica 
650 |a América del Norte -  |x Historia -  |y Epoca Prehispánica 
910 |a Fondo Salvador Reynoso Reynoso 
920 |a Impresos - Libros 
930 |a Fondos Especiales 
905 |a 112 
901 |a 0800010810  |b IT2  |c ESP  |u 20250521 
902 |a https://opac.biblio.iteso.mx/vufind/Record/000128858